| Tag |
First Indicator |
Second Indicator |
Subfields |
| LEADER |
00000cam a2200000 a 4500 |
| 001 |
in00000007383 |
| 005 |
20151005070027.0 |
| 008 |
870407s1987 nyub b 001 0 eng |
| 010 |
|
|
|a 87009690
|
| 019 |
|
|
|a 17681967
|a 18078011
|
| 020 |
|
|
|a 0394546741 :
|c $24.95
|
| 035 |
|
|
|a (OCoLC)15594794
|
| 035 |
|
|
|9 AAA1874AM
|
| 040 |
|
|
|a DLC
|c DLC
|d SDF
|d UtOrBLW
|
| 049 |
|
|
|a TXAM
|
| 050 |
0 |
0 |
|a D210
|b .K46 1987
|
| 082 |
0 |
0 |
|a 909.82
|2 19
|
| 100 |
1 |
|
|a Kennedy, Paul M.,
|d 1945-
|
| 245 |
1 |
4 |
|a The rise and fall of the great powers :
|b economic change and military conflict from 1500 to 2000 /
|c by Paul Kennedy.
|
| 250 |
|
|
|a 1st ed.
|
| 264 |
|
1 |
|a New York, NY :
|b Random House,
|c [1987]
|
| 264 |
|
4 |
|c ©1987
|
| 300 |
|
|
|a xxv, 677 pages :
|b maps ;
|c 25 cm.
|
| 336 |
|
|
|a text
|b txt
|2 rdacontent
|
| 337 |
|
|
|a unmediated
|b n
|2 rdamedia
|
| 338 |
|
|
|a volume
|b nc
|2 rdacarrier
|
| 504 |
|
|
|a Bibliography: pages 541-662.
|
| 500 |
|
|
|a Includes index.
|
| 505 |
0 |
|
|a The rise of the western world -- The Habsburg bid for mastery, 1519-1659 -- Finance, geography, and the winning of wars, 1660-1815 -- Industrialization and the shifting global balances, 1815-1885 -- The coming of a bipolar world and the crisis of the "middle powers" : part one, 1885-1918 -- The coming of a bipolar world and the crisis of the "middle powers" : part two, 1919-1942 -- Stability and change in a bipolar world, 1943-1980 -- To the twenty-first century.
|
| 650 |
|
0 |
|a History, Modern.
|
| 650 |
|
0 |
|a Economic history.
|
| 650 |
|
0 |
|a Military history, Modern.
|
| 650 |
|
0 |
|a Military readiness
|x Economic aspects.
|
| 650 |
|
0 |
|a Balance of power.
|
| 994 |
|
|
|a E0
|b TXA
|
| 999 |
|
|
|a MARS
|
| 999 |
f |
f |
|s 1f719798-187e-371f-a590-db9850337e7a
|i 16cf7c75-6960-3b30-bc8d-3acdb9b3a297
|t 0
|
| 952 |
f |
f |
|p normal
|a Texas A&M University
|b College Station
|c Sterling C. Evans Library
|s Evans stk
|d Evans: Library Stacks
|t 0
|e D210 .K46 1987
|h Library of Congress classification
|i unmediated -- volume
|m A14810760170
|
| 952 |
f |
f |
|p noncirc
|a Texas A&M University
|b College Station
|c Cushing Memorial Library & Archives
|s cush mil
|d Cushing: Ragan Military (Does not check out)
|t 0
|e D210 .K46 1987
|h Library of Congress classification
|i unmediated -- volume
|m A14852121319
|
| 998 |
f |
f |
|a D210 .K46 1987
|t 0
|l Cushing: Ragan Military (Does not check out)
|
| 998 |
f |
f |
|a D210 .K46 1987
|t 0
|l Evans: Library Stacks
|